|
|
|
|
| LEADER |
00000nam a2200000 a 4500 |
| 001 |
vtls001359902 |
| 003 |
SK-MaSNL |
| 005 |
20260301115031.0 |
| 008 |
171215s1998 xo a r y 0 slo |
| 015 |
|
|
|a SNBA1999/07-02409
|
| 020 |
|
|
|a 8022711438
|
| 035 |
|
|
|a SNK000313444
|
| 035 |
|
|
|a urn:nbn:sk:snk-amtk2o
|
| 035 |
|
|
|a urn:nbn:sk:snk-am00c6ml
|
| 035 |
|
|
|a 7E170886-E572-40EF-A52B-8B298E90A0EA
|
| 040 |
|
|
|a SNK
|b slo
|c SNK
|e AACR2
|
| 041 |
0 |
|
|a slo
|
| 044 |
|
|
|a xo
|c SK
|
| 080 |
|
|
|a 51(079.1)
|2 1981
|
| 245 |
0 |
0 |
|a Matematika
|b príprava na univerzitné štúdium
|n 3
|c Ľubomír Marko ... [et al.]
|
| 250 |
|
|
|a 2. prepr. a dopl. vyd.
|
| 260 |
|
|
|a V Bratislave
|b Slovenská technická univerzita
|c 1998
|
| 300 |
|
|
|a 83 s.
|b sch.
|c 29 cm
|
| 490 |
1 |
|
|a Edícia príručiek / Slovenská technická univerzita
|
| 500 |
|
|
|a 500 výt.
|
| 504 |
|
|
|a Bibliogr. s. 81
|
| 650 |
0 |
7 |
|a matematika
|x skúšky prijímacie
|x školy vysoké
|x príručky
|2 SNK
|9 384248
|
| 655 |
|
7 |
|a príručky
|2 SNK
|9 74364
|
| 700 |
1 |
|
|a Marko, Ľubomír,
|d 1952-
|4 aut
|9 195122
|
| 752 |
|
|
|d Bratislava
|
| 810 |
2 |
|
|a Slovenská technická univerzita v Bratislave
|t Edícia príručiek
|9 195104
|
| 919 |
|
|
|a 80-227-1143-8
|
| 958 |
|
|
|a TL
|
| 958 |
|
|
|a NB
|
| 999 |
|
|
|c 720704
|d 722634
|
| 952 |
|
|
|t P60, <03>, [BOOK], {603}
|a SNK
|b SNK
|y PREZ
|7 0
|p 17A0189565
|o snkSB 59840/3
|i snkKSP 4083/99
|0 0
|1 0
|4 0
|d 1999-04-15
|f 1
|l 0
|r 2025-04-09 00:00:00
|w 2026-02-23
|
| 952 |
|
|
|t P60, <04>, [BOOK], {604}
|a SNK
|b SNK
|y VYP
|7 0
|p 17A0189566
|o snkSB 59840/3 D1
|i snkKSP 4084/99
|0 0
|1 0
|4 0
|d 1999-04-15
|l 0
|r 2005-01-02 00:00:00
|w 2026-02-23
|